Quiz o Lechii Gdańsk - Statystyki

Ogólne statystyki
  • Ten quiz został rozwiązany 331 razy
    239 od ostatniego zresetowania
  • Średni wynik to 10 z 20
Statystyki odpowiedzi
Pytanie Odpowiedź % Poprawnych
W którym roku założono Lechię Gdańsk? 1945
93%
Jakie było najwyższe miejsce Lechii w najwyżej klasie rozgrywkowej? 3
92%
Ile razy Lechiści wygrali Puchar Polski? 2
81%
Z jakim klubem Lechia Gdańsk ma największą kosę? Pojedynek między tymi klubami nazywany jest Derbami Trójmiasta Arka Gdynia
81%
W którym sezonie Lechia przeniosła się na PGE Arena Gdańsk (obecnie Polsat Plus Arena Gdańsk? 2011/2012
70%
Jaki piłkarz jest obecnie najskuteczniejszym obcokrajowcem w historii klubu? Flávio Paixão
60%
W jakiej lidze obecnie występują Lechiści? (Podaj pełną nazwę wraz z sponsorem) PKO BP Ekstraklasa
54%
Z jakim zagranicznym klubem Lechia mierzyła się w Pucharze Zdobywców Pucharów w sezonie 1983/84? Juventus F.C
48%
Kto był 64. trenerem w Lechii Gdańsk w latach 2018–2021, zdobywając z klubem Puchar i Superpuchar Polski? Piotr Stokowiec
46%
Kto jest obecnie sponsorem technicznym klubu? Adidas
41%
Z jakim klubem Lechiści odpadli w 2 rundzie el. do ligi konferencji w sezonie 2022/23? Rapid Wiedeń
41%
Jaką nazwę nosi maskotka klubu? Lew Gdański
40%
W którym roku Lechia zadebiutowała w najwyższej klasie rozgrywkowej? 1949
39%
Kto strzelił decydującą bramkę w ostatnich derbach trójmiasta dającą zwycięstwo Gdańszczanom? Camilo Mena
36%
Ile sezonów rozegrał klub z Gdańska w najwyższej klasie rozgrywkowej? 33
33%
Jaki polski obrońca z klubu pojechał na euro 2016? Jakub Wawrzyniak
31%
Jaki piłkarz był ostatnim królem strzelców w Lechii Gdańsk? Marco Paixão
24%
Kto jest dyrektorem technicznym Lechii Gdansk? Kevin Blackwell
20%
W którym sezonie rozegrano pierwsze Derby Trójmiasta 1964/1965
19%
Z jakim zagranicznym klubem Lechia ma największą kosę? Sevilla FC
11%
Nie znaleziono quizów pasujących do podanych kryteriów
Rozkład punktacji
Procent ludzi z każdym wynikiem
Percentyl według liczby udzielonych odpowiedzi
Twoja historia wyników
Nie rozwiązałeś tego quizu od ostatniego zresetowania